LEADER 01072nam--2200373---450- 001 990005857320203316 005 20130612112506.0 010 $a88-85007-46-5 035 $a000585732 035 $aUSA01000585732 035 $a(ALEPH)000585732USA01 035 $a000585732 100 $a20130612d1981----km-y0itay50------ba 101 $ager 102 $aIT 105 $a||||||||001yy 200 1 $aAthletenstatuetten der spätarchaik und des strengen stils$fRenate Thomas 210 $aRoma$cG. Bretschneider$d1981 215 $aXII,187 p., 93 p. di tav.$cill.$d25 cm 225 2 $aArchaeologica$v18 410 0$12001$aArchaeologica$v18 454 1$12001 461 1$1001-------$12001 606 0 $aScultura antica$2BNCF 676 $a732 700 1$bTHOMAS,$cRenate$0167081 801 0$aIT$bsalbc$gISBD 912 $a990005857320203316 951 $aAA 4,18$b1830 DSA/ISAA 959 $aBK 969 $aDSA 979 $aDSA$b90$c20130612$lUSA01$h1125 996 $aAthletenstatuetten der spätarchaik und des strengen Stils$9607489 997 $aUNISA LEADER 01006nam--2200361---450- 001 990003696940203316 005 20121010105328.0 010 $a978-88-7820-384-6 035 $a000369694 035 $aUSA01000369694 035 $a(ALEPH)000369694USA01 035 $a000369694 100 $a20121010d2012----km-y0itay50------ba 101 $aita 102 $aIT 105 $a||||||||001yy 200 1 $aImagines mundi$equestioni e problemi di storia del linguaggio fotografico$fPaola Pennisi 210 $aMessina$cEdas$d2012 215 $a213 p.$d21 cm 410 0$12001 454 1$12001 606 0 $aFotografia$2BNCF 676 $a770.11 700 1$aPENNISI,$bPaola$0613073 801 0$aIT$bsalbc$gISBD 912 $a990003696940203316 951 $aXIII.5. 412$b7912 L.G.$cXIII.5.$d00316717 959 $aBK 969 $aUMA 979 $aALESSANDRA$b90$c20121010$lUSA01$h1049 979 $aALESSANDRA$b90$c20121010$lUSA01$h1053 996 $aImagines mundi$91142108 997 $aUNISA LEADER 01015nam0-22003611i-450 001 990006981870403321 005 20220930195329.0 010 $a88-02-05379-0 035 $a000698187 035 $aFED01000698187 035 $a(Aleph)000698187FED01 100 $a20011023d1999----km-y0itay50------ba 101 0 $aita 102 $aIT 105 $ay---n---001yy 200 1 $aCodice della giustizia amministrativa annotato con la giurisprudenza$fa cura di Carlo Talice 205 $a2. ed 210 $aTorino$cUTET$dc1999 215 $a2 v.$d18 cm 676 $a342.02638$v23$zita 702 1$aTalice,$bCarlo 710 01$aItalia$0423419 801 0$aIT$bUNINA$gRICA$2UNIMARC 901 $aBK 912 $a990006981870403321 952 $aVI Z 261 (1)$b39130*$fFGBC 952 $aVI Z 261 (2)$b39130*$fFGBC 952 $aSCUOLA I 34 (1)$b302$fDDA 952 $aSCUOLA I 34 (2)$b303$fDDA 959 $aFGBC 959 $aDDA 996 $aCodice della giustizia amministrativa$9579289 997 $aUNINA